000
00368nam a2200145Ia 4500
008
100122s9999 xx 000 0 und d
082
_b
23161
_a
822
100
_a
काळे के नारायण
245
_a
कौटिल्य
260
_c
1965
300
_a
100
630
_a
कौटिल्य
730
_a
कौटिल्य
942
_c
BOOK
999
_c
410765
_d
410762